Inter-relationship between agrarian reform and agricultural development (Record no. 426101)

000 -LEADER
fixed length control field 00407cam a22001097a 4500
008 - FIXED-LENGTH DATA ELEMENTS--GENERAL INFORMATION
fixed length control field 180718b1953 xxu||||| |||| 00| 0 eng d
082 ## - DEWEY DECIMAL CLASSIFICATION NUMBER
Classification number Y15 F739
245 ## - TITLE STATEMENT
Title Inter-relationship between agrarian reform and agricultural development
Statement of responsibility, etc. by Food and Aricultural Organization, Italy
260 ## - PUBLICATION, DISTRIBUTION, ETC.
Place of publication, distribution, etc. Rome
Name of publisher, distributor, etc. Food and Aricultural Organization
Date of publication, distribution, etc. 1953
300 ## - PHYSICAL DESCRIPTION
Extent 65+p.
700 ## - ADDED ENTRY--PERSONAL NAME
Personal name Itlay.Food and Aricultural Organization
Holdings
Withdrawn status Lost status Damaged status Not for loan Permanent Location Current Location Date acquired Full call number Barcode Date last seen Price effective from Koha item type
        Indian Institute of Public Administration Indian Institute of Public Administration 2009-10-21 Y15 F739 19375 2018-07-21 2018-07-21 Book

Powered by Koha